000 00276nam a2200121Ia 4500
008 190216s9999||||xx |||||||||||||| ||und||
100 _aBhat Nayak
245 0 _aHindi-Rajasthan Ke Jowhar
260 _bShiva Prakashan
_c2009
300 _a136
650 _aHindi
942 _cBK
999 _c16621
_d16621